| 000 | 00848cab a2200241 4500 | ||
|---|---|---|---|
| 001 | ABS59416 | ||
| 008 | 090401t1998 xxu||||| |||| 00| 0 eng d | ||
| 035 | _a(Sirsi) u89303 | ||
| 041 | _aeng | ||
| 100 | _aVarcoe, B. | ||
| 245 | 4 | _aThe three dimensional route | |
| 260 | _c1998 | ||
| 350 | _a0 | ||
| 490 |
_aFacilities Management _v6(1) October 1998, 10-11(2) |
||
| 520 | _aPuts forward the view that facilities managers should take a three-pronged approach to asset management, by measuring property performance, knowing how that relates to the organisation`s needs, and how efficiency may be improved. | ||
| 650 | _aASSET MANAGEMENT | ||
| 650 | _aEFFICIENCY | ||
| 650 |
_aFACILITIES MANAGEMENT _96240 |
||
| 650 | _aPROPERTY PERFORMANCE MEASUREMENT | ||
| 690 | _aCOMMERCIAL PROPERTY-MANAGEMENT | ||
| 942 | _n0 | ||
| 948 | _c27/10/1998 | ||
| 999 |
_c56483 _d56483 |
||